New construction orders (Record no. 77199)
[ view plain ]
| 000 -LEADER | |
|---|---|
| fixed length control field | 00978cab a2200217 4500 |
| 001 - CONTROL NUMBER | |
| control field | ##L133772 |
| 008 - FIXED-LENGTH DATA ELEMENTS--GENERAL INFORMATION | |
| fixed length control field | 110801e2006 000 0 eng u |
| 035 ## - SYSTEM CONTROL NUMBER | |
| System control number | (Sirsi) u133772 |
| 041 0# - LANGUAGE CODE | |
| Language code of text/sound track or separate title | eng |
| 110 1# - MAIN ENTRY--CORPORATE NAME | |
| Corporate name or jurisdiction name as entry element | United Kingdom |
| Subordinate unit | Department of Trade and Industry |
| 245 00 - TITLE STATEMENT | |
| Title | New construction orders |
| Remainder of title | April 2006 |
| 260 ## - PUBLICATION, DISTRIBUTION, ETC. | |
| Date of publication, distribution, etc. | 2006 |
| 490 #0 - SERIES STATEMENT | |
| Series statement | DTI New Construction Orders |
| Volume/sequential designation | (URN 06/395d) 8 June 2006 |
| 520 ## - SUMMARY, ETC. | |
| Summary, etc. | Orders in the year to April 2006 rose by 8% compared with the previous 12 months, although orders in the 3 months to April fell by 4% compared to the same period in 2005, and by 14% compared to the previous three month period, with decreases in all sectors. |
| 590 ## - LOCAL NOTE (RLIN) | |
| Local note | IKA200606 |
| 650 24 - SUBJECT ADDED ENTRY--TOPICAL TERM | |
| Topical term or geographic name entry element | DTI NEW CONSTRUCTION ORDERS |
| 651 #4 - SUBJECT ADDED ENTRY--GEOGRAPHIC NAME | |
| Geographic name | United Kingdom |
| Chronological subdivision | |
| 690 ## - LOCAL SUBJECT ADDED ENTRY--TOPICAL TERM (OCLC, RLIN) | |
| Topical term or geographic name as entry element | BUILT ENVIRONMENT-CONSTRUCTION MARKET |
| 856 41 - ELECTRONIC LOCATION AND ACCESS | |
| Uniform Resource Identifier | <a href="https://stats.bis.gov.uk/construction/neworders/200604/index.asp">https://stats.bis.gov.uk/construction/neworders/200604/index.asp</a> |
| Public note | View the item free of charge at http://stats.bis.gov.uk |
| 942 ## - ADDED ENTRY ELEMENTS (KOHA) | |
| Suppress in OPAC | 0 |
| Withdrawn status | Lost status | Source of classification or shelving scheme | Damaged status | Not for loan | Home library | Current library | Shelving location | Date acquired | Total Checkouts | Full call number | Barcode | Date last seen | Copy number | Price effective from | Koha item type |
|---|---|---|---|---|---|---|---|---|---|---|---|---|---|---|---|
| Dewey Decimal Classification | Virtual | Virtual | Online | 09/06/2006 | ONLINE PUBLICATION | 133772-1001 | 06/08/2019 | 1 | 06/08/2019 | Journal article |